[Event "Swiss Queens Wed #13"]
[Site "FIDE Online Arena INT"]
[Date "2024.04.24"]
[Round "9"]
[White "Balabayeva, Kseniya"]
[Black "Gunina, Valentina"]
[Result "0-1"]
[WhiteElo "2248"]
[BlackElo "2437"]
[PlyCount "96"]
[EventDate "2024.04.24"]
[EventType "swiss (blitz)"]
[EventRounds "11"]
[EventCountry "NET"]
[SourceTitle "CB18_2024"]
[SourceDate "2024.05.01"]
[SourceVersion "1"]
[SourceVersionDate "2024.05.01"]
[SourceQuality "2"]

1. d4 d5 2. Bf4 c5 3. e3 Qb6 4. Nc3 e6 5. Nb5 Na6 6. a4 Bd7 7. dxc5 Bxc5 8. c3 Nf6 9. Nf3 0-0 10. Bd3 Be7 11. Ne5 Nc5 12. Be2 a6 13. a5 Qd8 14. Nd4 Be8 15. 0-0 Bd6 16. Bg3 Nfe4 17. Nef3 Nxg3 18. hxg3 g6 19. c4 dxc4 20. Bxc4 Qe7 21. Qe2 Bd7 22. Rfd1 Rfd8 23. Rac1 Rac8 24. e4 e5 25. Nc2 Ba4 26. Re1 Nb3 27. Rcd1 Nxa5 28. Bd3 Kg7 29. Ra1 b5 30. Ne3 Nb3 31. Rab1 Bb4 32. Nd5 Rxd5 33. exd5 Bxe1 34. Rxe1 f6 35. g4 Nc1 36. Qe4 Nxd3 37. Qxd3 h6 38. Qd2 Rc2 39. Qd3 Qd6 40. Nd2 Rc8 41. Ne4 Qb4 42. Qf3 Qxe1+ 43. Kh2 Rf8 44. d6 Qc1 45. Qd3 Qf4+ 46. g3 Qxg4 47. d7 Rd8 48. Nc5 Qf5 0-1

[Event "Swiss Queens Wed #13"]
[Site "FIDE Online Arena INT"]
[Date "2024.04.24"]
[Round "10"]
[White "Gunina, Valentina"]
[Black "Bubnova, Uliana"]
[Result "1-0"]
[WhiteElo "2437"]
[BlackElo "1844"]
[PlyCount "51"]
[EventDate "2024.04.24"]
[EventType "swiss (blitz)"]
[EventRounds "11"]
[EventCountry "NET"]
[SourceTitle "CB18_2024"]
[SourceDate "2024.05.01"]
[SourceVersion "1"]
[SourceVersionDate "2024.05.01"]
[SourceQuality "2"]

1. d4 Nf6 2. c4 e6 3. Nf3 d5 4. Nc3 Bb4 5. cxd5 exd5 6. Bg5 h6 7. Bh4 g5 8. Bg3 Ne4 9. Nd2 Nxc3 10. bxc3 Bxc3 11. Rc1 Bxd2+ 12. Qxd2 Nc6 13. h4 f6 14. e3 g4 15. Bd3 Be6 16. 0-0 Qd7 17. Rc5 f5 18. Rfc1 h5 19. Bb5 0-0 20. Rxc6 bxc6 21. Bxc6 Qe7 22. Bxa8 Rxa8 23. Rxc7 Qd8 24. e4 dxe4 25. Qh6 Bf7 26. Be5 1-0

[Event "Swiss Queens Wed #9"]
[Site "FIDE Online Arena INT"]
[Date "2024.03.27"]
[Round "7"]
[White "Gunina, Valentina"]
[Black "Batsiashvili, Nino"]
[Result "0-1"]
[WhiteElo "2437"]
[BlackElo "2450"]
[PlyCount "104"]
[EventDate "2024.03.27"]
[EventType "swiss (blitz)"]
[EventRounds "11"]
[EventCountry "NET"]
[SourceTitle "CB14_2024"]
[SourceDate "2024.04.01"]
[SourceVersion "1"]
[SourceVersionDate "2024.04.01"]
[SourceQuality "1"]

1. d4 Nf6 2. c4 c5 3. d5 b5 4. cxb5 a6 5. bxa6 e6 6. dxe6 fxe6 7. Nc3 d5 8. e3 Bd6 9. Nf3 0-0 10. Be2 Nxa6 11. 0-0 Bb7 12. b3 Qe7 13. Bb2 e5 14. e4 d4 15. Nb5 Bxe4 16. Bc4+ Kh8 17. Ng5 Bg6 18. f4 e4 19. f5 Bh5 20. Qc1 Nc7 21. Nxd6 Qxd6 22. Qf4 Qxf4 23. Rxf4 e3 24. Ne6 Nxe6 25. fxe6 Ng4 26. Raf1 Rxf4 27. Rxf4 Nf6 28. Rf5 Bg6 29. Rxc5 d3 30. e7 d2 31. Be2 Re8 32. Re5 Bh5 33. Kf1 Bxe2+ 34. Kxe2 Ng4 35. Re4 h5 36. Re6 Kg8 37. Rd6 Rxe7 38. Bc3 Nxh2 39. b4 Ng4 40. b5 Rf7 41. b6 Rf2+ 42. Kd1 Rf1+ 43. Kc2 Rc1+ 44. Kb3 d1Q+ 45. Rxd1 Rxd1 46. b7 Rd8 47. a4 Rb8 48. Kc4 Rxb7 49. a5 e2 50. Be1 Ne3+ 51. Kd3 Nxg2 52. Kxe2 Nxe1 0-1

[Event "Swiss Queens Wed #9"]
[Site "FIDE Online Arena INT"]
[Date "2024.03.27"]
[Round "10"]
[White "Osmak, Iulija"]
[Black "Gunina, Valentina"]
[Result "0-1"]
[WhiteElo "2452"]
[BlackElo "2437"]
[PlyCount "178"]
[EventDate "2024.03.27"]
[EventType "swiss (blitz)"]
[EventRounds "11"]
[EventCountry "NET"]
[SourceTitle "CB14_2024"]
[SourceDate "2024.04.01"]
[SourceVersion "1"]
[SourceVersionDate "2024.04.01"]
[SourceQuality "1"]

1. b4 d5 2. Bb2 Nf6 3. e3 Bf5 4. Nf3 e6 5. b5 h6 6. Be2 Be7 7. 0-0 0-0 8. c4 c6 9. a4 a6 10. Nc3 axb5 11. axb5 Rxa1 12. Qxa1 Bd6 13. d4 Ne4 14. Ba3 Nxc3 15. Qxc3 Bxa3 16. Qxa3 dxc4 17. Bxc4 cxb5 18. Bxb5 Nc6 19. Bxc6 bxc6 20. Ne5 Qg5 21. Rc1 Rb8 22. Qd6 Rb6 23. Nxc6 Kh7 24. Qg3 Qh5 25. Ne5 f6 26. Nf3 Be4 27. Nd2 Bd5 28. e4 Rb2 29. Qe3 Bb7 30. f3 Qa5 31. Nf1 Qb4 32. Rd1 Qb5 33. Rd2 Rb1 34. Qe2 Qxe2 35. Rxe2 Ba6 36. Rf2 Rd1 37. g3 Rxd4 38. Kg2 Rd3 39. h4 h5 40. Rd2 Ra3 41. Rb2 Bxf1+ 42. Kxf1 Rxf3+ 43. Kg2 Re3 44. Rb4 e5 45. Kf2 Rd3 46. Rb8 Kg6 47. Rh8 Rd4 48. Kf3 Rd3+ 49. Kf2 Ra3 50. Rb8 Ra7 51. Kf3 Kf7 52. Rh8 Ra3+ 53. Kf2 Ra4 54. Kf3 g6 55. Rh7+ Kf8 56. Rb7 Rd4 57. Ke3 Rd6 58. Kf3 Kg8 59. Ra7 f5 60. Re7 Rd3+ 61. Kf2 fxe4 62. Rxe5 Rd2+ 63. Ke3 Rd3+ 64. Kf4 Rf3+ 65. Kxe4 Rxg3 66. Re6 Kf7 67. Ra6 Rg1 68. Kf4 Rg4+ 69. Ke5 Kg7 70. Ra7+ Kh6 71. Ra8 Rxh4 72. Ra6 Rg4 73. Kf6 Rf4+ 74. Ke5 Rf5+ 75. Ke6 h4 76. Ra8 Kg5 77. Rh8 Rf4 78. Ke5 Rf1 79. Ke4 Kg4 80. Ke3 g5 81. Ke2 Rf5 82. Ke3 Kg3 83. Ke4 Rf4+ 84. Ke3 Rf3+ 85. Ke2 g4 86. Ke1 h3 87. Ke2 h2 88. Ke1 Kg2 89. Ke2 h1Q 0-1

[Event "Swiss Queens Wed #8"]
[Site "FIDE Online Arena INT"]
[Date "2024.03.20"]
[Round "10"]
[White "Gunina, Valentina"]
[Black "Cori Tello, Deysi Estella"]
[Result "1-0"]
[WhiteElo "2437"]
[BlackElo "2389"]
[PlyCount "65"]
[EventDate "2024.03.20"]
[EventType "swiss (blitz)"]
[EventRounds "11"]
[EventCountry "NET"]
[SourceTitle "CB13_2024"]
[SourceDate "2024.03.27"]
[SourceVersion "1"]
[SourceVersionDate "2024.03.27"]
[SourceQuality "1"]

1. d4 g6 2. c4 Bg7 3. e4 d6 4. Nc3 Nc6 5. d5 Nd4 6. Be3 e5 7. Nge2 Nxe2 8. Bxe2 f5 9. f3 Nf6 10. 0-0 0-0 11. c5 Rf7 12. cxd6 cxd6 13. Rc1 Bd7 14. Qb3 a6 15. exf5 Bxf5 16. Na4 b5 17. Nb6 Rb8 18. Rc6 Ne8 19. g4 Bd7 20. Nxd7 Rxd7 21. Rxa6 Qh4 22. a4 Nc7 23. Rc6 e4 24. f4 Qh3 25. Rd1 b4 26. a5 h5 27. g5 Qf5 28. a6 Kh7 29. a7 Ra8 30. Rdc1 Nxd5 31. Rc8 Raxa7 32. Bxa7 Rxa7 33. Rd1 1-0

[Event "Swiss Queens Wed #8"]
[Site "FIDE Online Arena INT"]
[Date "2024.03.20"]
[Round "3"]
[White "Gunina, Valentina"]
[Black "Tripurambika, V."]
[Result "1-0"]
[WhiteElo "2437"]
[BlackElo "1626"]
[PlyCount "77"]
[EventDate "2024.03.20"]
[EventType "swiss (blitz)"]
[EventRounds "11"]
[EventCountry "NET"]
[SourceTitle "CB13_2024"]
[SourceDate "2024.03.27"]
[SourceVersion "1"]
[SourceVersionDate "2024.03.27"]
[SourceQuality "1"]

1. d4 d5 2. c4 e6 3. Nf3 Nf6 4. Nc3 Be7 5. Bf4 0-0 6. e3 b6 7. Bd3 Bb7 8. 0-0 Nbd7 9. cxd5 exd5 10. Ne5 a6 11. Qf3 c5 12. Qh3 g6 13. Bh6 Re8 14. f4 Bf8 15. Bg5 Bg7 16. Rae1 Qc7 17. Kh1 b5 18. Bh6 c4 19. Bb1 b4 20. Ne2 a5 21. Ng1 a4 22. Ngf3 a3 23. bxa3 Rxa3 24. Bxg7 Kxg7 25. Ng5 h5 26. Nexf7 Nf8 27. Ne5 c3 28. Rc1 Ba6 29. Rf2 Bc4 30. f5 Qa7 31. fxg6 Bxa2 32. Rcf1 Bxb1 33. Rxf6 Bxg6 34. Nxg6 Ra1 35. Nxf8 Rxf1+ 36. Rxf1 Rxf8 37. Ne6+ Kg8 38. Rxf8+ Kh7 39. Qxh5# 1-0

[Event "Swiss Queens Wed #7"]
[Site "FIDE Online Arena INT"]
[Date "2024.03.13"]
[Round "11"]
[White "Buksa, Nataliya"]
[Black "Gunina, Valentina"]
[Result "1-0"]
[WhiteElo "2388"]
[BlackElo "2437"]
[PlyCount "115"]
[EventDate "2024.03.13"]
[EventType "swiss (blitz)"]
[EventRounds "11"]
[EventCountry "NET"]
[SourceTitle "CB12_2024"]
[SourceDate "2023.10.01"]
[SourceVersion "1"]
[SourceVersionDate "2023.10.01"]
[SourceQuality "1"]

1. d4 d5 2. Nc3 c6 3. Bf4 Nf6 4. e3 Bf5 5. Nf3 h6 6. Ne5 Nbd7 7. Bd3 Bxd3 8. Qxd3 Nxe5 9. Bxe5 e6 10. 0-0 Bd6 11. e4 dxe4 12. Qg3 Nh5 13. Qg4 Bxe5 14. dxe5 Qg5 15. Qxg5 hxg5 16. Nxe4 Rd8 17. Nxg5 Rd2 18. Rac1 Nf4 19. Nf3 Re2 20. Rfe1 Ke7 21. Kf1 Rxe1+ 22. Rxe1 g5 23. g3 g4 24. Ng5 Nd5 25. Kg2 Nb4 26. c3 Nd3 27. Re2 b5 28. f4 gxf3+ 29. Nxf3 c5 30. a3 a5 31. h4 c4 32. Nd4 Rh5 33. Kh3 Kd7 34. Nxb5 f6 35. Nd4 fxe5 36. Nf3 Kd6 37. Ng5 Ke7 38. Kg4 Rh8 39. h5 Rb8 40. h6 Nxb2 41. Rxe5 Nd1 42. Rxe6+ Kd7 43. h7 Nxc3 44. Rh6 Ne2 45. h8Q Rxh8 46. Rxh8 c3 47. Nf3 c2 48. Ne5+ Kd6 49. Nd3 c1Q 50. Nxc1 Nxc1 51. Kf5 Ne2 52. g4 Nd4+ 53. Kf6 Nb5 54. a4 Nc3 55. g5 Nxa4 56. g6 Nb6 57. g7 Nd7+ 58. Kf5 1-0

[Event "Swiss Queens Wed #7"]
[Site "FIDE Online Arena INT"]
[Date "2024.03.13"]
[Round "6"]
[White "Kosteniuk, Alexandra"]
[Black "Gunina, Valentina"]
[Result "1-0"]
[WhiteElo "2501"]
[BlackElo "2437"]
[PlyCount "119"]
[EventDate "2024.03.13"]
[EventType "swiss (blitz)"]
[EventRounds "11"]
[EventCountry "NET"]
[SourceTitle "CB12_2024"]
[SourceDate "2023.10.01"]
[SourceVersion "1"]
[SourceVersionDate "2023.10.01"]
[SourceQuality "1"]

1. Nf3 d5 2. g3 c6 3. Bg2 Bg4 4. 0-0 Nd7 5. d4 e6 6. c4 Ngf6 7. h3 Bf5 8. Nc3 Be7 9. Nh4 Be4 10. f3 Bg6 11. Nxg6 hxg6 12. cxd5 exd5 13. e4 Nh5 14. g4 Ng3 15. Re1 dxe4 16. fxe4 Qc7 17. Qf3 Bh4 18. Bf4 Qb6 19. Bxg3 Qxd4+ 20. Bf2 Bxf2+ 21. Qxf2 Qe5 22. Rad1 Nf8 23. Qd4 Qxd4+ 24. Rxd4 Ne6 25. Rd2 0-0 26. Red1 Rfe8 27. b4 a5 28. b5 Rac8 29. b6 Nc5 30. Rd4 g5 31. Bf1 g6 32. Bc4 Kg7 33. Kg2 Re7 34. Kf3 Rh8 35. Kg2 Rhe8 36. Rd8 Rxd8 37. Rxd8 Nxe4 38. Nxe4 Rxe4 39. Bb3 a4 40. Bd1 Rb4 41. Rd7 Rxb6 42. Bxa4 Rb2+ 43. Kg1 Rb1+ 44. Kf2 Rb2+ 45. Ke1 b5 46. Bb3 c5 47. Rxf7+ Kh6 48. Rb7 Rb1+ 49. Kd2 Rb2+ 50. Kc1 Rh2 51. Rxb5 Rxh3 52. Rxc5 Rg3 53. Rc4 Rg2 54. a4 Rf2 55. a5 Re2 56. a6 Re1+ 57. Kb2 Re5 58. Ra4 Re8 59. a7 Ra8 60. Bf7 1-0

[Event "Swiss Queens Wed #6"]
[Site "FIDE Online Arena INT"]
[Date "2024.03.06"]
[Round "4"]
[White "Gunina, Valentina"]
[Black "Ambartsumova, Karina"]
[Result "1-0"]
[WhiteElo "2437"]
[BlackElo "2418"]
[PlyCount "63"]
[EventDate "2024.03.06"]
[EventType "swiss (blitz)"]
[EventRounds "11"]
[EventCountry "NET"]
[SourceTitle "CB11_2024"]
[SourceDate "2024.03.13"]
[SourceVersion "1"]
[SourceVersionDate "2024.03.13"]
[SourceQuality "1"]

1. d4 Nf6 2. c4 e6 3. Nf3 d5 4. Nc3 Be7 5. Bf4 0-0 6. e3 b6 7. Bd3 c5 8. cxd5 Nxd5 9. Nxd5 exd5 10. Ne5 Be6 11. 0-0 c4 12. Bc2 b5 13. Qf3 f5 14. a4 b4 15. Nxc4 Nc6 16. Ne5 Rc8 17. Bd3 Qb6 18. h3 Na5 19. Bb5 Rfd8 20. Rac1 a6 21. Rxc8 Bxc8 22. Bd3 Nb3 23. Qd1 Na5 24. Qc2 g6 25. Rc1 Bb7 26. g4 fxg4 27. hxg4 Bd6 28. Bxg6 Rc8 29. Bxh7+ Kh8 30. Nf7+ Kg7 31. Qg6+ Kf8 32. Bxd6+ 1-0

[Event "Swiss Queens Wed #6"]
[Site "FIDE Online Arena INT"]
[Date "2024.03.06"]
[Round "3"]
[White "Gunina, Valentina"]
[Black "Padmini, Rout"]
[Result "0-1"]
[WhiteElo "2437"]
[BlackElo "2353"]
[PlyCount "118"]
[EventDate "2024.03.06"]
[EventType "swiss (blitz)"]
[EventRounds "11"]
[EventCountry "NET"]
[SourceTitle "CB11_2024"]
[SourceDate "2024.03.13"]
[SourceVersion "1"]
[SourceVersionDate "2024.03.13"]
[SourceQuality "1"]

1. d4 Nf6 2. c4 c5 3. d5 b5 4. cxb5 a6 5. bxa6 g6 6. Nc3 Bg7 7. Nf3 Bxa6 8. e4 Bxf1 9. Kxf1 d6 10. g3 0-0 11. Kg2 Nbd7 12. Re1 Ra6 13. a4 Qb8 14. Bd2 Qb7 15. b3 e6 16. dxe6 fxe6 17. Qe2 d5 18. Rab1 Rb6 19. a5 Ra6 20. b4 cxb4 21. Rxb4 Qa8 22. exd5 exd5 23. Nb5 Re8 24. Qd1 Rxe1 25. Qxe1 Rxa5 26. Qe6+ Kh8 27. Nd6 h6 28. Nh4 Kh7 29. Nxg6 d4+ 30. Rb7 Kxg6 31. f3 Re5 32. Qf7+ Kh7 33. Bf4 Re2+ 34. Kh3 Qa2 35. Qxa2 Rxa2 36. Nf5 d3 37. Nxg7 Kxg7 38. Rb3 d2 39. Rd3 Ra3 40. Rxd2 Rxf3 41. Re2 Rb3 42. Re6 Kf7 43. Ra6 h5 44. Kh4 Rb2 45. h3 Rh2 46. Bg5 Ne4 47. Ra7 Ke6 48. Ra6+ Kf5 49. Ra5+ Kg6 50. Ra6+ Kf5 51. Ra5+ Ke6 52. Bf4 Ndf6 53. Ra6+ Kf7 54. Be5 Kg6 55. Bxf6 Nxf6 56. Ra5 Rc2 57. Rg5+ Kf7 58. Rf5 Rc4+ 59. Kg5 Rc6 0-1

[Event "Swiss Queens Wed #6"]
[Site "FIDE Online Arena INT"]
[Date "2024.03.06"]
[Round "8"]
[White "Vifleemskaia, Svetlana"]
[Black "Gunina, Valentina"]
[Result "0-1"]
[WhiteElo "1942"]
[BlackElo "2437"]
[PlyCount "100"]
[EventDate "2024.03.06"]
[EventType "swiss (blitz)"]
[EventRounds "11"]
[EventCountry "NET"]
[SourceTitle "CB11_2024"]
[SourceDate "2024.03.13"]
[SourceVersion "1"]
[SourceVersionDate "2024.03.13"]
[SourceQuality "1"]

1. d4 d5 2. c4 c6 3. cxd5 cxd5 4. Bf4 Nf6 5. e3 a6 6. Nc3 Nc6 7. Bd3 Bg4 8. Nge2 e6 9. 0-0 Bd6 10. f3 Bh5 11. Rc1 0-0 12. a3 Rc8 13. b4 Bg6 14. Bg5 Re8 15. Kh1 Bxd3 16. Qxd3 Be7 17. e4 dxe4 18. fxe4 Ne5 19. Qh3 Ng6 20. Rcd1 a5 21. e5 Nd7 22. Bxe7 Qxe7 23. Ne4 Rf8 24. Nd6 Ra8 25. b5 Nb6 26. Nc3 f6 27. Qe3 Rad8 28. h3 fxe5 29. Rxf8+ Qxf8 30. dxe5 Nc4 31. Nxc4 Rxd1+ 32. Nxd1 Qf1+ 33. Kh2 Qxc4 34. Nc3 h6 35. Qe4 Qxc3 36. Qxg6 Qxe5+ 37. Kh1 Qxb5 38. Qxe6+ Kf8 39. Qc8+ Kf7 40. Qc7+ Kg6 41. Qd6+ Kh7 42. Qe7 Qb1+ 43. Kh2 b5 44. h4 b4 45. axb4 axb4 46. h5 b3 47. Kg3 Qd3+ 48. Kh2 b2 49. Qb4 b1Q 50. Qxb1 Qxb1 0-1

[Event "Swiss Queens Wed #5"]
[Site "FIDE Online Arena INT"]
[Date "2024.02.28"]
[Round "3"]
[White "Gunina, Valentina"]
[Black "Maltsevskaya, Aleksandra"]
[Result "1-0"]
[WhiteElo "2437"]
[BlackElo "2374"]
[PlyCount "143"]
[EventDate "2024.02.28"]
[EventType "swiss (blitz)"]
[EventRounds "11"]
[EventCountry "NET"]
[SourceTitle "CB10_2024"]
[SourceDate "2024.03.06"]
[SourceVersion "1"]
[SourceVersionDate "2024.03.06"]
[SourceQuality "1"]

1. d4 Nf6 2. c4 b6 3. Nf3 Bb7 4. g3 g6 5. Bg2 Bg7 6. 0-0 0-0 7. Nc3 Ne4 8. Nxe4 Bxe4 9. Bf4 c5 10. Be5 Bxe5 11. Nxe5 Bxg2 12. Kxg2 d6 13. Nf3 cxd4 14. Qxd4 Nc6 15. Qf4 Qd7 16. Qh6 f6 17. Rfd1 Qg4 18. b3 a6 19. Qe3 Rab8 20. Rd2 Ne5 21. Rad1 b5 22. Rd4 Qf5 23. cxb5 axb5 24. Rd5 b4 25. Rc1 Qd7 26. Nxe5 fxe5 27. Qxe5 Qb7 28. Qe6+ Kg7 29. f3 Rf6 30. Qe4 Ra8 31. Rc2 Ra7 32. Rd4 Qxe4 33. Rxe4 d5 34. Rxb4 Rfa6 35. a4 e5 36. Rb5 Rd6 37. Rcc5 Rad7 38. a5 e4 39. fxe4 dxe4 40. Re5 Rd4 41. a6 Ra7 42. Rb7+ Rxb7 43. axb7 Rb4 44. Rxe4 Rxb7 45. b4 Kf6 46. Kf3 Kf5 47. h4 h5 48. Rf4+ Ke5 49. Ke3 Kd5 50. Kd3 Ke5 51. Kc3 Kd5 52. Rf6 Re7 53. Kd3 Rb7 54. Rxg6 Rxb4 55. Rg5+ Ke6 56. Rxh5 Rb3+ 57. Ke4 Rxg3 58. Rh6+ Kf7 59. Kf4 Rb3 60. e4 Rb5 61. Rd6 Kg7 62. Rd5 Rb1 63. h5 Kh6 64. Rf5 Re1 65. Ke5 Rb1 66. Kd4 Rb4+ 67. Kd3 Rb1 68. Kc4 Rd1 69. e5 Kg7 70. Kc5 Rd2 71. Kc6 Rd1 72. e6 1-0

[Event "Swiss Queens Wed #3"]
[Site "FIDE Online Arena INT"]
[Date "2024.02.14"]
[Round "11"]
[White "Bodnaruk, Anastasia"]
[Black "Gunina, Valentina"]
[Result "1-0"]
[WhiteElo "2340"]
[BlackElo "2437"]
[PlyCount "65"]
[EventDate "2024.02.14"]
[EventType "swiss (blitz)"]
[EventRounds "11"]
[EventCountry "NET"]
[SourceTitle "CB08_2024"]
[SourceDate "2024.02.21"]
[SourceVersion "1"]
[SourceVersionDate "2024.02.21"]
[SourceQuality "1"]

1. e4 c6 2. Nf3 d5 3. exd5 cxd5 4. Ne5 Nc6 5. d4 Nf6 6. c3 a6 7. Bd3 g6 8. Nd2 Bg7 9. f4 0-0 10. 0-0 Nxe5 11. fxe5 Ng4 12. Nf3 f6 13. h3 Nh6 14. Bf4 Nf7 15. Qe2 Qb6 16. Kh1 Be6 17. Rae1 Rae8 18. g4 Bc8 19. Bg3 Qc6 20. Qc2 fxe5 21. dxe5 Nd8 22. Nd4 Qb6 23. Qg2 e6 24. h4 Nc6 25. Nf3 Kh8 26. h5 gxh5 27. Qh2 h6 28. Qxh5 Ne7 29. Bh4 d4 30. Bxe7 Rxe7 31. Qg6 Kg8 32. Qh7+ Kf7 33. Bg6# 1-0

[Event "Swiss Queens Wed #3"]
[Site "FIDE Online Arena INT"]
[Date "2024.02.14"]
[Round "4"]
[White "Maltsevskaya, Aleksandra"]
[Black "Gunina, Valentina"]
[Result "0-1"]
[WhiteElo "2374"]
[BlackElo "2437"]
[PlyCount "58"]
[EventDate "2024.02.14"]
[EventType "swiss (blitz)"]
[EventRounds "11"]
[EventCountry "NET"]
[SourceTitle "CB08_2024"]
[SourceDate "2024.02.21"]
[SourceVersion "1"]
[SourceVersionDate "2024.02.21"]
[SourceQuality "1"]

1. e4 c6 2. d4 d5 3. e5 c5 4. Nf3 cxd4 5. Nxd4 Nc6 6. Nxc6 bxc6 7. Bd3 e6 8. 0-0 Ne7 9. Nd2 c5 10. c4 Bd7 11. Qe2 Bc6 12. Nf3 Qd7 13. Re1 g6 14. Bg5 Bg7 15. Rac1 d4 16. Bf6 0-0 17. Bxg7 Kxg7 18. Be4 Rad8 19. Rcd1 Qb7 20. b3 Rd7 21. Ng5 h6 22. Bxc6 Qxc6 23. Ne4 Qc7 24. Nf6 Rdd8 25. Qf3 Nc6 26. Qf4 d3 27. h4 Rd4 28. Qg3 Rfd8 29. Re2 dxe2 0-1

[Event "Swiss Queens Wed #3"]
[Site "FIDE Online Arena INT"]
[Date "2024.02.14"]
[Round "6"]
[White "Mammadzada, Gunay Vuqar Qizi"]
[Black "Gunina, Valentina"]
[Result "1-0"]
[WhiteElo "2449"]
[BlackElo "2437"]
[PlyCount "73"]
[EventDate "2024.02.14"]
[EventType "swiss (blitz)"]
[EventRounds "11"]
[EventCountry "NET"]
[SourceTitle "CB08_2024"]
[SourceDate "2024.02.21"]
[SourceVersion "1"]
[SourceVersionDate "2024.02.21"]
[SourceQuality "1"]

1. Nf3 d5 2. d4 Nf6 3. c4 c6 4. Qb3 dxc4 5. Qxc4 Bf5 6. g3 e6 7. Bg2 Be7 8. 0-0 0-0 9. e3 Nbd7 10. Rd1 Rc8 11. Qe2 Bg6 12. Nc3 b5 13. a3 Qb6 14. h3 h6 15. e4 Rfd8 16. Nh4 Bh7 17. Be3 c5 18. Qxb5 g5 19. e5 Qxb5 20. Nxb5 Nd5 21. Nf3 a6 22. Nd6 Bxd6 23. exd6 Nxe3 24. fxe3 f6 25. Rac1 Kf7 26. Bf1 Be4 27. Nd2 Bb7 28. Nb3 cxd4 29. Rc7 Rxc7 30. dxc7 Rc8 31. Rc1 Ne5 32. Na5 d3 33. Nxb7 d2 34. Nd6+ Kg7 35. Rd1 Rxc7 36. Ne8+ Kf7 37. Nxc7 1-0

[Event "Swiss Queens Wed #2"]
[Site "FIDE Online Arena INT"]
[Date "2024.02.07"]
[Round "5"]
[White "Gunina, Valentina"]
[Black "Ambartsumova, Karina"]
[Result "1-0"]
[WhiteElo "2437"]
[BlackElo "2418"]
[PlyCount "61"]
[EventDate "2024.02.07"]
[EventType "swiss (blitz)"]
[EventRounds "11"]
[EventCountry "NET"]
[SourceTitle "CB07_2024"]
[SourceDate "2024.02.14"]
[SourceVersion "1"]
[SourceVersionDate "2024.02.14"]
[SourceQuality "1"]

1. d4 Nf6 2. c4 e6 3. Nf3 d5 4. Nc3 Be7 5. Bf4 0-0 6. c5 b6 7. b4 a5 8. a3 axb4 9. axb4 Rxa1 10. Qxa1 Ne4 11. e3 Nc6 12. Qb2 bxc5 13. bxc5 Nxc3 14. Qxc3 Bd7 15. Bd3 Qb8 16. 0-0 Rc8 17. Rb1 Qa8 18. Qc2 h6 19. h3 Qa5 20. Ne5 Nxe5 21. Bxe5 Bc6 22. Qe2 Qc3 23. Ba6 Ra8 24. Bxc7 Bf6 25. Rb6 Be8 26. Kh2 e5 27. Qg4 Kh8 28. Qf5 exd4 29. Bd3 g6 30. Qxf6+ Kh7 31. Be5 1-0